01618cam a2200337 a 4500952017000000952017000170999001700340001000900357003000400366005001700370008004100387010001700428020001800445020001500463040001800478050002100496082001900517100003100536245008600567250001200653260006800665300003700733504006600770650003700836700003700873856009100910856009201001856010601093906004501199942003601244 00102ddc40708PSYCHOLOGYaMESbMEScPSYCHOLOGYd2022-05-24e48g775.00l6m1o153 STE/Cp41455r2024-07-23 15:29:46s2024-07-23t2v775.00w2022-05-24yBKzGL45R1 00102ddc40708PSYCHOLOGYaMESbMEScPSYCHOLOGYd2022-05-24e48g775.00l8m8o153 STE/Cp41454r2025-06-04 13:01:48s2025-05-05t1v775.00w2022-05-24yBKzGL45R1 c41465d4146515090680OSt20220524141102.0071123s2009 at a b 001 0 eng  a 2007941973 a9780495506294 a049550629X aDLCcDLCdDLC00aBF201b.S74 200904a153221bSTE/C1 aSternberg, Robert J.9902210aCognitive psychology /cRobert J. Sternberg, with the contributions of Jeff Mio.. a5th Ed. aAustralia ;aBelmont, CA :bCengage Learning/Wadsworth,cc2009. axxviii, 657 p. :bill. ;c24 cm. aIncludes bibliographical references (p. 585-640) and indexes. 0aCognitive psychologyvTextbooks.1 aMio, Jeffery Scott,d1954-99023423Publisher descriptionuhttp://www.loc.gov/catdir/enhancements/fy1215/2007941973-d.html413Table of contents onlyuhttp://www.loc.gov/catdir/enhancements/fy1215/2007941973-t.html423Contributor biographical informationuhttp://www.loc.gov/catdir/enhancements/fy1513/2007941973-b.html a7bcbccorignewd2eepcnf20gy-gencatlg 2ddccBKh153iSTE/Ck153mSTE/C